Acteurs par lettre : C - Statistiques

Statistiques générales
  • Ce quiz a été pris 100 fois
  • Le résultat moyen est 11 sur 15
Statistiques - réponses
Films / Séries Lettres Acteurs % Correct
Les Bronzés font du ski / Les Visiteurs 1952- Christian Clavier
95%
Top Gun / Mission Impossible 1962- Ton Cruise
92%
Le Dictateur / Les Temps Modernes 1889-1977 Charlie Chaplin
90%
La Môme / Inception 1975- Marion Cotillard
87%
La Haine / Les Rivières Pourpres 1966- Vincent Cassel
80%
Dune / Un Parfait Inconnu 1995- Timothée Chalamet
78%
Very Bad Trip / A Star is born 1975- Bradley Cooper
77%
Ocean's Eleven / Batman et Robin 1961- George Clooney
76%
The Mask / The Truman Show 1962- Jim Carrey
76%
L'aile ou la cuisse / Le Maître d'école 1946-1986 Coluche
70%
Le Pari / Les Trois frères 1958- Bernard Campan
69%
Un p'tit truc en plus / Brice de Nice 1968- Clovis Cornillac
64%
Mourir peut attendre / 007 Spectre 1968- Daniel Craig
64%
Les p'tits mouchoirs / Ad Vitam 1973- Guillaume Canet
55%
Bodyguard / Danse avec les loups 1955- Kevin Costner
55%
Aucun quiz correspondant
Distribution des résultats
% des personnes avec chaque résultat
Percentile par nombre de réponses
Votre historique - résultats
Vous n’avez pas pris ce quiz